| 000 | 01112nam a2200277 a 4500 | ||
|---|---|---|---|
| 001 | 000039352 | ||
| 005 | 20250925082330.0 | ||
| 008 | 130625s2000 dr a 001 0 spa d | ||
| 040 |
_aDO-SdBNP _bspa _cBNPHU |
||
| 082 |
_a338.642 _bC419e |
||
| 100 | 1 |
_aCervera, Rosana _965541 |
|
| 245 | 1 | 3 |
_aLa experiencia del PASP / _cRosana Cervera ; presentación Peter Alter. |
| 260 |
_aSanto Domingo : _bAmigo del hogar, _c2000. |
||
| 300 |
_a267 p. : _bil. ; _c28 cm. |
||
| 590 | _aInventariado,2018/DG | ||
| 650 | 0 |
_aPequeñas y medianas empresas _919057 |
|
| 650 | 4 |
_aFinanciamiento industrial _zRepública Dominicana _965542 |
|
| 650 | 4 |
_aCrédito industrial _zRepública Dominicana _965543 |
|
| 650 | 0 |
_aAdministración industrial _95872 |
|
| 650 | 4 |
_aCrecimiento empresarial _zRepública Dominicana _965544 |
|
| 650 | 0 |
_aCrisis económica _99159 |
|
| 700 | 1 |
_aAlter, Peter, _epresent. _965545 |
|
| 710 | 2 | 2 |
_aPrograma de Apoyo al Sector Empresarial (República Dominicana) _965546 |
| 710 | 2 | 2 |
_aSistema Europeo de Consultoría para el Desarrollo, S.L. (SECONDE) _965547 |
| 910 | _aValidado. Control de calidad EMS | ||
| 999 |
_c38842 _d38842 |
||